Приложна ботаника (Запис номер 409786)
[ съкратено ]
| 000 -Лидер | |
|---|---|
| Контролно поле с фиксирана дължина | nam a22 a 4500 |
| 003 - Код на организацията, давaща контролен номер | |
| Контролно поле | BLK |
| 005 - Дата и час на последна редакция | |
| Контролно поле | 20221028102549.0 |
| 008 - Елементи от данни с фиксирана дължина | |
| fixed length control field | 210416b bu |||||r|||| 00| | bu d |
| 040 ## - Източник на каталожния запис | |
| Идентификатор на билиотеката - собственик на записа | BLK |
| 041 ## - Код за език | |
| Код за езика на текст/звукозапис или на отделно заглавие | Български |
| Код за езика КДБФ | Български |
| 080 ## - УДК | |
| Текстов определител УДК | Приложна ботаника. Икономическа ботаника. Диворастящи лекарствени растения и др. |
| УДК код - определител по УДК | 581.6 |
| УДК - код + определител | 581.6 |
| 100 1# - Редна дума - Автор | |
| Автор | Христов, Михаил Ангелов |
| Авторска отговорност | първи автор |
| R(LIN) | 137954 |
| 139 ## - Редно поле | |
| Редна дума | Христов, Михаил А. |
| 245 ## - Сведения за заглавието | |
| Заглавие | Приложна ботаника |
| Подзаглавни данни | Лекции, четени на студентите по културно инженерство |
| Редно поле (дума) | Михаил А. Христов. |
| 257 ## - Страна на издаване | |
| Страна на създаване/издаване | България |
| 260 ## - Област на издателските данни | |
| 9 (RLIN) | 217217 |
| Място на издаване, разпространение и проч. | София |
| Име на издателя, разпространителя и проч. | Фонд Науч. цели при Държ. политехника |
| Година на издаване | 1947 |
| 300 ## - Физическа характеристика | |
| Страници | 4, 226, V-XIV с. |
| Размери/Мащаб | 24 см |
| 380 ## - Жанр | |
| Жанр | Естествени науки. Математика |
| 490 ## - СЕРИИ (Колекции) | |
| 9 (RLIN) | 449561 |
| Име на серия | Държавна политехника |
| №: серия | № 34 |
| 501 ## - Забележка „подвързано към” | |
| Забележка: Подвързано към... | 1 000 тир. |
| 650 #0 - Допълнително описание по предмет – тема | |
| 9 (RLIN) | 245174 |
| Основно описание – тема или топоним | Ботаника - учебници за ВУЗ |
| 653 #0 - Ключова дума – ненормативна | |
| 9 (RLIN) | 449562 |
| Ключова дума | приложна ботаника |
| 852 ## - Местоположение | |
| Форматна сигнатура | Цб 5.245.23192 |
| Фондова буква | Основен фонд - ползва се само за читалня |
| 999 ## - СИСТЕМНИ КОНТРОЛНИ НОМЕРА | |
| Koha biblionumber | 409786 |
| Koha biblioitemnumber | 409786 |
| 942 ## - АРТИКУЛИ | |
| Вид на библиотечния материал | Книги |
| Скрит в OPAC | Не |
| Периодичен библиозапис | Да |
| 944 ## - СЪЗДАВАНЕ И РЕДАКЦИЯ на ЗАПИСА | |
| Създаване/Редакция | Създаване |
| Дата на регистрацията/редакция | 2021-04-20 |
| Служител, извършил регистрацията/редакцията | Кети |
| Код за отписване | Код за изгубен артикул | Източник на класификационната схема | Код за повреда | Коз за рестрикции | Код за отдаване | Артикулен № | Име на библиотеката - собственик | Име на библиотеката, в която се намира в момента | Статус (Текущо местоположение) | Дата на вписване в системата | Местоположение - отдел | Цена в лева | Инвентарен номер | Систематично азбучна сигнатура | Баркод | Цена в евро | Служебен тип на артикула |
|---|---|---|---|---|---|---|---|---|---|---|---|---|---|---|---|---|---|
| Не е изгубен | Universal Decimal Classification | Не е повреден | само за читалня | ползва се в читалня | 825339 | Регионална библиотека "Любен Каравелов" Русе | Регионална библиотека "Любен Каравелов" Русе | Хранилище | 2021-04-21 | Основен фонд - ползва се само за читалня | 0.40 | 23192-а | Цб 5.245.23192 | 900000055448 | 0.20 | Книги |